书目信息 |
| 题名: |
北史
|
|
| 作者: | 李延寿 撰 | |
| 分册: | 1 纪 | |
| 出版信息: | 北京 中华书局 1974 |
|
| 页数: | 310页 | |
| 开本: | 20cm | |
| 丛书名: | ||
| 单 册: | ||
| 中图分类: | K239.204.2 , K239 | |
| 科图分类: | ||
| 主题词: | 古代史 , 北朝时代 | |
| 电子资源: | ||
| ISBN: | ||
| 000 | 00712nam0 2200277 450 | |
| 001 | 1551250713 | |
| 005 | 20150123140837.75 | |
| 010 | @dCNY1.03 | |
| 091 | @a11018.633@dCNY10.30(全十册) | |
| 100 | @a20050521d1974 em y0chiy50 ea | |
| 101 | 1 | @achi |
| 102 | @aCN@b110000 | |
| 105 | @ay z 000yy | |
| 200 | 1 | @a北史@9bei shi@h1@h卷一七至卷二六@i纪@f(唐)李延寿撰 |
| 210 | @a北京@c中华书局@d1974 | |
| 215 | @a310页@d20cm | |
| 517 | 1 | @a纪@Aji |
| 606 | 0 | @a古代史 |
| 606 | 0 | @a北朝时代 |
| 607 | @a中国@x古代史@z北朝时代@j纪传体 | |
| 607 | @a中国 | |
| 690 | @aK239.204.2@v5 | |
| 690 | @aK239@v4 | |
| 701 | 0 | @a李延寿@9li yan shou@4撰 |
| 801 | 0 | @aCN@bTSSF@c20150123 |
| 905 | @aZUCC@dK239@eJY60:1 | |
| 北史.1.卷一七至卷二六.纪/(唐)李延寿撰.-北京:中华书局,1974 |
| 310页;20cm |
| ISBN :CNY1.03 |
| ● |
| 相关链接 |
|
|
|
|
正题名:北史
索取号:K239/JY60:1
 
预约/预借
| 序号 | 登录号 | 条形码 | 馆藏地/架位号 | 状态 | 备注 |
| 1 | 7850587 | 278505878 | 学院路分馆/ [索取号:K239/JY60:1] | 在馆 | |
| 2 | 7850608 | 278506083 | 学院路分馆/ [索取号:K239/JY60:1] | 在馆 |